Australian Political Parties - Statistics

General Stats
  • This quiz has been taken 27 times
  • The average score is 11 of 41
Answer Stats
Ideology Answer % Correct
Social Democracy Australian Labor Party
100%
Conservatism Liberal Party of Australia
100%
Green Politics Australian Greens
92%
Ultranationalism Pauline Hanson's One Nation
88%
Agrarianism National Party of Australia
72%
Right-Wing Populism United Australia Party
64%
Libertarianism Liberal Democratic Party
56%
Animal Welfare Animal Justice Party
52%
Cannabis Legalisation Legalise Cannabis Australia
52%
Social Liberalism Centre Alliance
44%
Populism Jacqui Lambie Network
44%
Social Conservatism Katter's Australian Party (KAP)
44%
Democratic Socialism Socialist Alliance
28%
Christian Right Australian Christians
24%
Liberal Conservatism Country Liberal Party (NT)
24%
Green Conservatism Shooters, Fishers and Farmers Party
24%
Democratic Socialism Victorian Socialists
24%
Social Liberalism Australian Democrats
20%
Christian Right Christian Democratic Party (Fred Nile Group)
20%
Sustainable Development Sustainable Australia Party - Stop Overdevelopment / Corruption
20%
LaRouchism Australian Citizens Party
12%
Social Conservatism Democratic Labour Party
12%
Anti-Vaccination Informed Medical Options Party
12%
Regionalism Rex Patrick Team
12%
Affordable Housing Australian Affordable Housing Party
8%
Law and Order Derryn Hinch's Justice Party
8%
Progressivism Kim for Canberra
8%
Trotskyism Socialist Equality Party
8%
Regionalism WESTERN AUSTRALIA PARTY
8%
Agrarianism Australian Federation Party
4%
Progressivism Australian Progressives
4%
Conservatism Australian Values Party
4%
Anti-Corruption Federal ICAC Now
4%
Indigenous Rights Indigenous - Aboriginal Party of Australia
4%
Anti-5G No5G Party
4%
Nationalism The Great Australian Party
4%
Issue-Based Direct Democracy VOTEFLUX.ORG | Upgrade Democracy!
4%
Environmentalism Climate Emergency Action Alliance: Vote Planet
0%
Naturopathy Health Australia Party
0%
Civil Libertarianism Reason Australia
0%
Pensioners' Interests Seniors United Party of Australia
0%
No matching quizzes found
Score Distribution
Percent of People with Each Score
Percentile by Number Answered
Your Score History
You have not taken this quiz